Regional economic outlook sub-saharan Africa

Salvato in:
Dettagli Bibliografici
Natura: Libro
Lingua:inglese
Pubblicazione: Washington, D.C. International Monetary Fund 2011
Serie:World economic and financial surveys
Soggetti:
Tags: Aggiungi Tag
Nessun Tag, puoi essere il primo ad aggiungerne!!

MARC

LEADER 00000nam a2200000 4500
001 0147035
005 20240315115632.6
020 |a 978-1-61635-125-0 
041 0 |a eng 
044 |a US 
245 1 0 |a Regional economic outlook  |b sub-saharan Africa 
264 1 |a Washington, D.C.  |b International Monetary Fund  |c 2011 
300 |a vii, 106 s. 
490 1 |a World economic and financial surveys 
830 0 |a World economic and financial surveys 
610 2 0 |a situácia hospodárska 
610 2 0 |a rozvoj hospodársky 
610 2 0 |a rast hospodársky 
610 2 0 |a chudoba 
610 2 0 |a spolupráca hospodárska medzinárodná 
610 2 0 |a obchod medzinárodný 
610 2 0 |a vývoz 
610 2 0 |a Čína 
610 2 0 |a údaje štatistické 
610 2 0 |a Afrika